000 00529nam a22001697a 4500
082 _a004
100 _aMuzahir, Raza Habib
245 _aDefence Strategy of Pakistan /
_cRaza Habib Muzahir
260 _aIslamabad :
_bSEECS - NUST,
_c2003.
300 _aVar. p. ;
_c30cm.
563 _aHB
650 _aInformation Technology-Project Report
700 _aDr. Shoaib Ahmed
_931223
856 _uhttp://10.250.8.41:8080/xmlui/handle/123456789/29709
942 _2ddc
_cPR
999 _c536426
_d536426